La Gol-balización del fútbol /

El autor desarrolla la idea del fútbol como principio y eje de la globalización. Haciendo un recorrido por la historia del fútbol desde sus inicios hasta el momento actual, el autor pretende dar a entender los niveles de interacción local, nacional y supranacional alcanzados por este "deporte&q...

সম্পূর্ণ বিবরণ

সংরক্ষণ করুন:
গ্রন্থ-পঞ্জীর বিবরন
প্রধান লেখক: Carrión, Fernando
বিন্যাস: পাঠ‍্য
বিষয়গুলি:
ট্যাগগুলো: ট্যাগ যুক্ত করুন
কোনো ট্যাগ নেই, প্রথমজন হিসাবে ট্যাগ করুন!

MARC

LEADER 00000 a a2200000 04500
001 13194
003
040
100 |a Carrión, Fernando  
245 |a La Gol-balización del fútbol /  |c Fernando Carrión 
520 |a El autor desarrolla la idea del fútbol como principio y eje de la globalización. Haciendo un recorrido por la historia del fútbol desde sus inicios hasta el momento actual, el autor pretende dar a entender los niveles de interacción local, nacional y supranacional alcanzados por este "deporte". Se maneja la discusión a través de tres puntos de referencia: el fútbol se generaliza, el fútbol se masifica y el fútbol como actividad total. Para concluir se describe la visión actual del fútbol y cómo es percibida y abordada por diferentes intelectuales y en diferentes espacios  
650 |a FUTBOL  
650 |a GLOBALIZACION  
650 |a HISTORIA SOCIAL  
773 |g número 14 Primavera; páginas 21-29  
999 |c 21884  |d 21884 
773 0 |0 45439  |9 10483  |d Madrid, España : Universidad de Alcalá,  |o 00330  |t Quorum :  |x 9-771575-422702